000 00769nam a2200193Ii 4500
003 JO-AjNU
008 230605s9999||||xx |||||||||||||| ||und||
040 _aJO-AjNU
_bara
_erda
_cJO-AjNU
041 _aara
050 1 4 _aBF637.T8.I72.2006
100 3 _aالعيسوي،عبد الرحمن محمد,
_eauthor
_932747
245 0 0 _aعلم النفس السياحي :علم النفس في خدمة المؤسسات السياحية والفندقية=Psychology of Tourism
264 3 1 _aالاسكندرية:الدار الجامعية ، 2006
300 _a480ص
336 _atext
_btxt
_2rdacontent
337 _aunmediated
_bn
_2rdamedia
338 _avolume
_bnc
_2rdacarrier
650 4 _aالسياحة-علم النفس-علم النفس السياحي
_932748
999 _aA13256
_c16824
_d16824